000 00692nam a22002537a 4500
001 0010694
003 KOHA_MİRAKIL
005 20260207001752.0
007 ta
008 091116b1970 tu |||gr||||#||||1|tur |
040 _aTR-BiSEU
_btur
_cTR-BiSEU
_erda
041 0 _atur
044 _ctu
050 _aPC2112
_b.P47 1970
100 1 _aPerin, Cevdet.
245 1 _aFransız dili grameri/
_cCevdet Perin ; Cevdet Perin.
264 1 _aİstanbul :
_bİnkılap ve Aka
_c1970
300 _a191 sayfa
336 _ametin
_btxt
_2rdacontent
337 _aaracısız
_bn
_2rdamedia
338 _acilt
_bnc
_2rdacarrier
650 0 _aFransız dili--Dilbilgisi.
_926153
942 _2lcc
_cBK
999 _c10664
_d10664